000 00725nam a22001817a 4500
999 _c371820
_d371820
008 201127b ||||| |||| 00| 0 eng d
040 _aDE-2950
_bger
_cDE-2950
_erda
041 _ager
245 _aEin Marsch - viele Themen.
_cJacqueline Westermann
_bDemo. Der Protest richtet sich gegen die Corona-Politik, den Umgang der Bundesregierung mit dem Ukraine-Krieg sowie steigende Gaspreise/
264 _c2022
653 _aFrankfurt (Oder)
653 _aMontags-Demo
773 _dFrankfurt (Oder) Märkisches Verlags- und Druckhaus GmbH & Co KG
_tMärkische Oderzeitung
_g33. Jahrgang (2022) Nr. 197 vom 24.08.2022, S. 13, mit Bild
942 _cA